Coping with Tourists / European Reactions to Mass Tourism (Record no. 2641)
[ view plain ]
| 000 -LEADER | |
|---|---|
| fixed length control field | 01340cam a22001934a 4500 |
| 005 - ΗΜΕΡΟΜΗΝΙΑ ΚΑΙ ΩΡΑ ΤΕΛΕΥΤΑΙΑΣ ΕΝΗΜΕΡΩΣΗΣ | |
| Πεδίο ελέγχου | 20250605164049.0 |
| 008 - FIXED-LENGTH DATA ELEMENTS--GENERAL INFORMATION | |
| Πεδίο ελέγχου σταθερού μήκους | 250528s ||||||||||||||||||||||||d |
| 035 ## - SYSTEM CONTROL NUMBER | |
| System control number | 17207 |
| 020 ## - ISBN | |
| ISBN | 1571819002 |
| 040 ## - ΠΗΓΗ ΚΑΤΑΛΟΓΟΓΡΑΦΗΣΗΣ | |
| Φορέας πρωτότυπης καταλογογράφησης | MC Athens Campus Library |
| Γλώσσα καταλογογράφησης | Ελληνικά, Μοντέρνα (1453-) |
| Modifying agency | MC Athens Campus Library |
| Κανόνες περιγραφικής καταλογογράφησης | AACR2 |
| 245 1# - ΤΙΤΛΟΣ ΚΑΙ ΔΗΛΩΣΗ ΥΠΕΥΘΥΝΟΤΗΤΑΣ | |
| Τίτλος | Coping with Tourists / European Reactions to Mass Tourism |
| 260 ## - PUBLICATION, DISTRIBUTION, ETC. | |
| Name of publisher, distributor, etc. | Berghahn Books, |
| Date of publication, distribution, etc. | 1996 |
| 300 ## - PHYSICAL DESCRIPTION | |
| Extent | 264 |
| 520 ## - SUMMARY, ETC. | |
| Summary, etc. | This book describes how European communities dependent on tourism have been affected by the commoditization of their culture and explores the ways they cope with the constant attention of outsiders. Preface, Introduction, Contested Territories: The Politics of Touristic Development at the Shrine of El Rocio in Southwestern Andalusia, Tourism and Self-Consiousness in a South Spanish Coastal Community, A Case of Neglect? The Politics of (Re)presentation: A Sardinian Case, Negotiating the Tourist Gaze: The Example of Malta, Philoxenia Receiving Tourists - but not Guests - on a Greek Island, Reaction to Tourism: A View from the Deep Green Heart of France, Dealing with Fish and Tourists: A Case Study from Northern Norway, The Social Construction of Mokum: Tourism and the Quest for Local Identity in Amsterdam, Notes on Contributors, Index. |
| 700 1# - ΠΡΟΣΘΕΤΗ ΑΝΑΓΡΑΦΗ--ΦΥΣΙΚΟ ΠΡΟΣΩΠΟ | |
| Personal name | Boissevain Jeremy |
| 9 (RLIN) | 3374 |
| 942 ## - ADDED ENTRY ELEMENTS (KOHA) | |
| Koha item type | Books |
| Τύπος τεκμηρίου | Βιβλιοθήκη | Τρέχουσα τοποθεσία | Barcode | Αριθμός εισαγωγής | Ημερομηνία απόκτησης | Ταξιθετικό σύμβολο | Αριθμός αντιτύπου | Κατάσταση απόσυρσης | Κατάσταση χαμένου | Κατάσταση κατεστραμμένου | Μη δανεισμός | Σύνολο δανεισμών | Ημερομηνία τελευταίας εμφάνισης | Η τιμή ισχύει από |
|---|---|---|---|---|---|---|---|---|---|---|---|---|---|---|
| Books | MC Athens Campus Library | MC Athens Campus Library | 9780000026408 | 8688 | 05/06/2025 | 338.4/79140455 BOI | 1 | 05/06/2025 | 05/06/2025 |